00742naa a2200241 a 450000100080000000500110000800800410001910000200006024501350008026000090021565300130022465300090023765300170024665300240026365300150028770000250030270000150032770000190034270000190036170000200038070000180040077300820041810754742011-04-08 2007 bl uuuu u00u1 u #d1 aFERREIRA, R. R. aDisplasias foliculares ligadas ?? cor da pelagem em c??esbdisplasia folicular dos p??los pretos e alopecia por dilui????o da cor. c2007 aAlopecia aC??o aCor dilu??da aDisplasia folicular aPelo preto1 aMACHADO, M. L. da S.1 aAGUIAR, J.1 aSPANAMBERG, A.1 aBIANCHI, S. P.1 aOLIVEIRA, E. C.1 aDRIEMEIER, D. tActa Scientiae Veterinariae, Porto Alegre, RSgv. 35, n. 1, p. 119-124, 2007.